|
|
|
|
| LEADER |
00000cam a2200000 4500 |
| 001 |
vtls012137480 |
| 003 |
SK-MaSNL |
| 005 |
20260301055625.0 |
| 008 |
220601s2006 xxuoa f nf 001 0 eng |
| 015 |
|
|
|a SNBZSA2023/08
|
| 020 |
|
|
|a 9781588292902
|q (viazané)
|
| 020 |
|
|
|a 1597450537
|q (eBook)
|
| 040 |
|
|
|a SNK
|b slo
|c SNK
|e rda
|
| 041 |
0 |
|
|a eng
|
| 044 |
|
|
|a xxu
|c US
|
| 072 |
|
7 |
|a 576
|x Celulárna biológia. Cytológia
|2 konspekt
|
| 072 |
|
7 |
|a 577
|x Biochémia. Molekulárna biológia. Biofyzika
|2 konspekt
|
| 080 |
|
|
|a 576
|2 2011
|
| 080 |
|
|
|a 577.15
|2 2011
|
| 080 |
|
|
|a 60
|2 2011
|
| 080 |
|
|
|a (048.8)
|2 2011
|
| 245 |
0 |
0 |
|a Immobilization of enzymes and cells
|c edited by Jose M. Guisan
|
| 250 |
|
|
|a Second edition
|
| 264 |
|
1 |
|a Totowa
|b Humana Press
|c [2006]
|
| 264 |
|
4 |
|c ©2006
|
| 300 |
|
|
|a xiv, 449 strán
|b fotografie, grafy, ilustrácie
|c 24 cm
|
| 336 |
|
|
|a text
|b txt
|2 rdacontent
|
| 337 |
|
|
|a bez média
|b n
|2 rdamedia
|
| 338 |
|
|
|a zväzok
|b nc
|2 rdacarrier
|
| 490 |
1 |
|
|a Methods in molecular biology
|v 22
|
| 500 |
|
|
|a Obsahuje zoznam a profesijné pôsobenie prispievateľov
|
| 504 |
|
|
|a Obsahuje bibliografiu za jednotlivými kapitolami a register
|
| 650 |
0 |
7 |
|a cytológia
|2 SNKPH
|9 1714
|
| 650 |
0 |
7 |
|a enzymológia
|2 SNKPH
|9 73525
|
| 650 |
0 |
7 |
|a biotechnológia
|2 SNKPH
|9 4156
|
| 650 |
0 |
7 |
|a Cytology
|2 SNKPHeng
|9 329131
|
| 650 |
0 |
7 |
|a Enzymology
|2 SNKPHeng
|9 93157
|
| 650 |
0 |
7 |
|a Biotechnology
|2 SNKPHeng
|9 266982
|
| 655 |
|
7 |
|a štúdie
|2 SNKPH
|9 57033
|
| 655 |
|
7 |
|a príručky
|2 SNKPH
|9 74364
|
| 655 |
|
7 |
|a zborníky
|2 SNKPH
|9 70165
|
| 655 |
|
7 |
|a Studies
|2 SNKPHeng
|9 265573
|
| 655 |
|
7 |
|a Handbooks, manuals, etc.
|2 SNKPHeng
|9 90964
|
| 655 |
|
7 |
|a Papers of several authors
|2 SNKPHeng
|9 153738
|
| 700 |
1 |
|
|a Guisan, Jose M.
|4 edt
|9 369543
|
| 830 |
|
0 |
|a Methods in molecular biology
|9 331148
|
| 852 |
|
|
|a Slovenská národná knižnica
|
| 919 |
|
|
|a 978-1-58829-290-2
|
| 919 |
|
|
|a 1-59745-053-7
|
| 954 |
|
|
|a odborná, vedecká literatúra cudzojazyčná (svetová)
|2 lita
|
| 958 |
|
|
|a ZS
|
| 958 |
|
|
|a NB
|
| 999 |
|
|
|c 613787
|d 615717
|
| 952 |
|
|
|a SNK
|b SNK
|y PREZ
|7 0
|p 17A1517137
|o snkSC 200682
|i snk2023/1184
|8 4
|g 184.37
|0 0
|1 0
|4 0
|d 2022-06-01
|l 0
|r 2025-10-23 00:00:00
|w 2026-02-23
|